Blitz: Does It Contain 'I'? Quiz Stats

Quiz Updated Jan 13, 2015

Challenge
Share
Tweet
Embed
Score 0/80 Timer 01:00
0 Plays Today
Word (Y)es or (N)o? % Correct
illuminate???
84.7%
insinuate???
84.6%
ironic???
84.6%
opponent???
84.5%
flexibility???
84.5%
corkscrew???
84.5%
inland???
84.5%
ionizing???
84.5%
monarch???
84.4%
heartwood???
84.4%
correlated???
84.4%
greatness???
84.3%
pronoun???
84.4%
tenured???
84.3%
monastery???
84.3%
exchanged???
84.3%
conferred???
84.3%
resonance???
84.3%
propagate???
84.2%
envelope???
84.2%
focuses???
84.2%
unpleasant???
84.2%
pique???
84.2%
sufficient???
84.2%
conformed???
84.2%
contracted???
84.2%
economy???
84.2%
fourteenth???
84.2%
fertile???
84.1%
exhibited???
84.1%
murdered???
84.1%
mutually???
84.1%
salmon???
84.1%
sealed???
84.1%
matched???
84.1%
extracted???
84%
northeast???
84%
taxable???
84%
impossible???
84%
adolescents???
84%
Word (Y)es or (N)o? % Correct
compulsory???
84%
exaggerated???
84%
freedom???
84%
architect???
83.9%
adventure???
83.9%
seasonal???
83.9%
archaeology???
83.9%
resembles???
83.9%
revival???
83.8%
holiday???
83.8%
consulted???
83.8%
derive???
83.8%
ninth???
83.8%
smirk???
83.8%
science???
83.7%
administrator???
83.7%
sickness???
83.7%
earthly???
83.7%
socially???
83.6%
preacher???
83.6%
dialog???
83.5%
destined???
83.5%
ordinate???
83.5%
bridge???
83.5%
miserable???
83.4%
bodily???
83.4%
broadly???
83.3%
sustain???
83.1%
wicked???
83%
travail???
83%
subside???
82.8%
frequencies???
82.6%
paradise???
82.4%
unassisted???
82.4%
summit???
82.1%
electronics???
81.8%
companion???
80.9%
coupling???
78.4%
jockeying???
71.5%
conduction???
66.5%

You're not logged in!

Compare scores with friends on all Sporcle quizzes.
Sign Up with Email
OR
Log In

You Might Also Like...

Show Comments

Extras

Top Quizzes Today


Score Distribution

Your Account Isn't Verified!

In order to create a playlist on Sporcle, you need to verify the email address you used during registration. Go to your Sporcle Settings to finish the process.